00157nam a22000617a 4500008004100000100001600041245003800057160209t xxu||||| |||| 00| 0 eng d aR Renaville aBiotechnology In Animal Husbandry